000 00752nam a2200193 a 4500
003 0
005 20250618082111.0
008 030603s19uu xx 00 eng d
050 _aPHS LB 1027.23
_b.M36 2001
100 _aManzano, Andrei B.
245 _aThe Perception of fourth year students towards their physics subject /
_cAndrei B. Manzana.
260 _aLas PiƱas City, Philippines :
_bSouthville International School and Colleges,
_c2001.
300 _a28 pages :
_billustrations ;
_c28 cm.
504 _aIncludes bibliographical references.
650 _aPhysics
_xStudy and teaching (Secondary)
_zPhilippines.
650 _aHigh school students
_zPhilippines
_xAttitudes.
650 _aPerception in children
_zPhilippines.
942 _2lcc
_cPASS
999 _c96451
_d96451